<?xml version="1.0" encoding="UTF-8"?>
<collection xmlns="http://www.loc.gov/MARC21/slim">
 <record>
  <leader>01868nam a2200217Ia 4500</leader>
  <controlfield tag="001">CTU_108583</controlfield>
  <controlfield tag="008">210402s9999    xx            000 0 und d</controlfield>
  <datafield tag="082" ind1=" " ind2=" ">
   <subfield code="a">346.7304</subfield>
  </datafield>
  <datafield tag="082" ind1=" " ind2=" ">
   <subfield code="b">G559</subfield>
  </datafield>
  <datafield tag="100" ind1=" " ind2=" ">
   <subfield code="a">Glick, Mark A.</subfield>
  </datafield>
  <datafield tag="245" ind1=" " ind2="0">
   <subfield code="a">Intellectual property damages :</subfield>
  </datafield>
  <datafield tag="245" ind1=" " ind2="0">
   <subfield code="b">Guidelines and analysis</subfield>
  </datafield>
  <datafield tag="245" ind1=" " ind2="0">
   <subfield code="c">Mark A. Glick, Lara A. Reymann, Richard Hoffman</subfield>
  </datafield>
  <datafield tag="260" ind1=" " ind2=" ">
   <subfield code="a">Hoboken,N.J.</subfield>
  </datafield>
  <datafield tag="260" ind1=" " ind2=" ">
   <subfield code="b">J. Wiley</subfield>
  </datafield>
  <datafield tag="260" ind1=" " ind2=" ">
   <subfield code="c">2003</subfield>
  </datafield>
  <datafield tag="520" ind1=" " ind2=" ">
   <subfield code="a">A comprehensive resource for anyone involved in intellectual property litigation. As the number of cases involving intellectual property (IP) increases, so does the demand for individuals who can create, support, and prove an effective theory of damages in those cases. Intellectual Property Damages presents the basics of intellectual property, the litigation process, the essential &quot;rules&quot; in postulating damages theories, the economic principles that are the foundation for much of IP damages, and the skills necessary to correctly calculate damages in IP cases. Legal professionals and their clients will benefit from the unique combination of knowledge acquired from the author’s experience with law, economics, accounting, and (to a more limited extent) finance in the context of IP damages theories. Intellectual Property Damages contains case summaries, useful forms for discovery, examples of effective expert opinions and testimony, and detailed calculations under various theories of damages. It also incorporates graphs illustrating economic principles, equations that might be used to support (or detract from) a damages theory, and examples of legal documents that commonly appear in IP litigation.</subfield>
  </datafield>
  <datafield tag="650" ind1=" " ind2=" ">
   <subfield code="a">Intellectual property,Actions and defenses,Damages</subfield>
  </datafield>
  <datafield tag="650" ind1=" " ind2=" ">
   <subfield code="z">United states,United states,United states</subfield>
  </datafield>
  <datafield tag="904" ind1=" " ind2=" ">
   <subfield code="i">M.Loan</subfield>
  </datafield>
  <datafield tag="980" ind1=" " ind2=" ">
   <subfield code="a">Trung tâm Học liệu Trường Đại học Cần Thơ</subfield>
  </datafield>
 </record>
</collection>
